Statistics for Business and Economics (Record no. 6596)

MARC details
000 -LEADER
fixed length control field 00294nam a2200121Ia 4500
008 - FIXED-LENGTH DATA ELEMENTS--GENERAL INFORMATION
fixed length control field 191201s2008 xx 000 0 und d
100 ## - MAIN ENTRY--PERSONAL NAME
Personal name HOODA, R.P.
245 #0 - TITLE STATEMENT
Title Statistics for Business and Economics
260 ## - PUBLICATION, DISTRIBUTION, ETC. (IMPRINT)
Place of publication, distribution, etc N. Delhi
Name of publisher, distributor, etc Macmillan
Date of publication, distribution, etc 2008
300 ## - PHYSICAL DESCRIPTION
Extent 855
650 ## - SUBJECT ADDED ENTRY--TOPICAL TERM
Topical term or geographic name as entry element BBA
942 ## - ADDED ENTRY ELEMENTS (KOHA)
Source of classification or shelving scheme Dewey Decimal Classification
Koha item type Text Books
Holdings
Withdrawn status Lost status Source of classification or shelving scheme Damaged status Not for loan Collection code Home library Current library Date acquired Source of acquisition Cost, normal purchase price Bill Number Total Checkouts Full call number Acc. no. / Barcode Date last seen Actual Cost, discounted price Bill Date Koha item type Date last borrowed Public note
    Dewey Decimal Classification     BBA PIET C-LIBRARY PIET C-LIBRARY 18/06/2016 Macmillan 395.00 TCM/2016/10403   519.5 HOS 28910 09/12/2019 122.44 13/06/2016 Text Books    
    Dewey Decimal Classification     BBA PIET C-LIBRARY PIET C-LIBRARY 18/06/2016 Macmillan 395.00 TCM/2016/10403 4 519.5 HOS 28911 21/05/2025 122.44 13/06/2016 Text Books 08/05/2025 .
    Dewey Decimal Classification     BBA PIET C-LIBRARY PIET C-LIBRARY 18/06/2016 Macmillan 395.00 TCM/2016/10403 2 519.5 HOS 28912 06/04/2026 122.44 13/06/2016 Text Books 03/04/2026  
    Dewey Decimal Classification     BBA PIET C-LIBRARY PIET C-LIBRARY 18/06/2016 Macmillan 395.00 TCM/2016/10403   519.5 HOS 28913 04/12/2019 122.44 13/06/2016 Text Books    

Design & Developed by: PIET Central Library
R70 Miles Stone Pattikalyana Samalkha Panipat 132102
mail ID :- [email protected], Phone No:- 0180-2569700 Ex.216